Raiders in Kashmir : (Record no. 21705)

MARC details
000 -LEADER
fixed length control field 00894cam a2200289 4500
001 - CONTROL NUMBER
control field 1712117
003 - CONTROL NUMBER IDENTIFIER
control field BDDh-ASL
005 - DATE AND TIME OF LATEST TRANSACTION
control field 20231015030030.0
008 - FIXED-LENGTH DATA ELEMENTS--GENERAL INFORMATION
fixed length control field 710402s1970 pk ab 000 0 eng
010 ## - LIBRARY OF CONGRESS CONTROL NUMBER
LC control number 70931919
040 ## - CATALOGING SOURCE
Original cataloging agency DLC
Transcribing agency DLC
Modifying agency DLC
-- BDDh-ASL
043 ## - GEOGRAPHIC AREA CODE
Geographic area code a-ii---
-- a-pk---
050 00 - LIBRARY OF CONGRESS CALL NUMBER
Classification number DS485.K2
Item number A655
082 ## - DEWEY DECIMAL CLASSIFICATION NUMBER
Classification number 954.6
Item number KHR
100 1# - MAIN ENTRY--PERSONAL NAME
Personal name Khan, Akbar
Dates associated with a name 1912-
9 (RLIN) 3071
Relator term Ex Maj. Gen.
245 10 - TITLE STATEMENT
Title Raiders in Kashmir :
Remainder of title story of the Kashmir War, 1947-48 /
260 ## - PUBLICATION, DISTRIBUTION, ETC.
Place of publication, distribution, etc. Karachi:
Name of publisher, distributor, etc. Pak Publishers,
Date of publication, distribution, etc. [1970]
300 ## - PHYSICAL DESCRIPTION
Extent 197 p. :
Other physical details illus., maps.
Dimensions 22 cm.
350 ## - PRICE (NR) (BK AM CF MU VM SE) [OBSOLETE]
Price 15.00
500 ## - GENERAL NOTE
General note Subtitle from jacket.
600 00 - SUBJECT ADDED ENTRY--PERSONAL NAME
Personal name Akbar Khan,
Dates associated with a name 1912-
650 #0 - SUBJECT ADDED ENTRY--TOPICAL TERM
Topical term or geographic name entry element Generals
Geographic subdivision Pakistan
General subdivision Biography.
651 #0 - SUBJECT ADDED ENTRY--GEOGRAPHIC NAME
Geographic name Kashmir
General subdivision Politics and government.
740 ## - ADDED ENTRY--UNCONTROLLED RELATED/ANALYTICAL TITLE
Uncontrolled related/analytical title Story of the Kashmir War, 1947-48.
906 ## - LOCAL DATA ELEMENT F, LDF (RLIN)
a 7
b cbc
c orignew
d 4
e ncip
f 19
g y-gencatlg
942 ## - ADDED ENTRY ELEMENTS (KOHA)
Source of classification or shelving scheme Dewey Decimal Classification
Koha item type Books
Holdings
Withdrawn status Lost status Source of classification or shelving scheme Damaged status Not for loan Collection code Home library Current library Shelving location Date acquired Source of acquisition Total Checkouts Full call number Barcode Date last seen Copy number Price effective from Koha item type Public note
    Dewey Decimal Classification     Non-fiction Asiatic Society Library Asiatic Society Library General Stacks 02/10/2021 ASB Library Collections   954.6 KHR 105593 02/10/2021 C-1 02/10/2021 Books RARE

Powered by Koha